000 00513nam a2200181 i 4500
001 107086
003 ES-MaACL
005 20231205204442.0
007 t|
008 061121s1962 sp r ||||1| spa d
100 1 _aMorales, Rafael,
_d1919-2005
_983007
245 1 3 _aLa máscara y los dientes /
_cRafael Morales.
260 _aMadrid :
_bPrensa Española,
_c1962.
300 _a142 p. ;
_c24 cm.
852 _aES-MaACL
_jC-22443
_bR.51127
852 _aES-MaACL
_jC-23470
999 _c107086
_d107086